| 000 | 006320000a22002170004500 | ||
|---|---|---|---|
| 003 | LK-CoMWRAF | ||
| 005 | 20231030130447.0 | ||
| 008 | 230817t1988 ||||| |||| 00| 0 eng d | ||
| 020 | _a0803214383 | ||
| 040 |
_aLK-CoMWRAF _dLK-CoMWRAF _eLK-CoMWRAF |
||
| 041 | _aeng | ||
| 082 |
_a927 _bCUT |
||
| 100 | _aCutrer, Emily Fourmy | ||
| 245 |
_aThe Art of the Women: _bThe Life and Work of Elisabet Ney |
||
| 260 |
_aLincoln: _bUniversity of Nebraska Press, _c1988 |
||
| 300 | _axv, 270 p. : ill. ; 25 cm. | ||
| 650 | _aSCULPTORS | ||
| 650 | _aSculptors -Germany - Biography | ||
| 650 | _aSculptors -Texas -Biography | ||
| 942 | _cBK | ||
| 999 |
_c721 _d721 |
||